[Event "New York Marshall 03"]
[Site "New York"]
[Date "2024.03.02"]
[Round "2"]
[White "Chen, Derek"]
[Black "Hughes, John L"]
[Result "1/2-1/2"]
[WhiteElo "1928"]
[BlackElo "2190"]
[PlyCount "81"]
[EventDate "2024.03.01"]
[EventType "swiss"]
[EventRounds "5"]
[EventCountry "USA"]
[SourceTitle "CB10_2024"]
[SourceDate "2024.03.06"]
[SourceVersion "1"]
[SourceVersionDate "2024.03.06"]
[SourceQuality "1"]

1. e4 c5 2. Nf3 Nc6 3. d4 cxd4 4. Nxd4 Nf6 5. Nc3 d6 6. Bg5 Qb6 7. Nb3 e6 8. Qd2 Be7 9. Bxf6 Bxf6 10. Qxd6 Be7 11. Qd2 0-0 12. Bd3 Rd8 13. 0-0 a5 14. Na4 Qc7 15. Qe3 Ne5 16. Bb5 Bd7 17. Bxd7 Rxd7 18. Qb6 Nc4 19. Qxc7 Rxc7 20. Nd4 Rd8 21. c3 e5 22. Nb5 Rcd7 23. b3 Nd6 24. Nxd6 Rxd6 25. c4 Rd2 26. Rfe1 Bb4 27. Kf1 R8d3 28. f3 h5 29. Re2 Rxe2 30. Kxe2 Rd2+ 31. Kf1 h4 32. h3 Kh7 33. a3 Be7 34. c5 Bg5 35. Rb1 Ra2 36. Rb2 Rxa3 37. Ke2 Bc1 38. Rc2 Bg5 39. Rb2 Bc1 40. Rc2 Bg5 41. Rb2 1/2-1/2

[Event "Philadelphia op 16th"]
[Site "Philadelphia"]
[Date "2023.06.24"]
[Round "2"]
[White "Chen, Derek"]
[Black "Yanayt, Eugene"]
[Result "1-0"]
[WhiteElo "1823"]
[BlackElo "2060"]
[PlyCount "113"]
[EventDate "2023.06.24"]
[EventType "swiss"]
[EventRounds "9"]
[EventCountry "USA"]
[SourceTitle "CBM 215 Extra"]
[Source "ChessBase"]
[SourceDate "2023.09.30"]
[SourceVersion "1"]
[SourceVersionDate "2023.09.30"]
[SourceQuality "1"]

1. e4 c5 2. Nf3 d6 3. d4 cxd4 4. Nxd4 Nf6 5. Nc3 a6 6. Be3 e5 7. Nb3 Be6 8. f3 Nbd7 9. g4 b5 10. g5 b4 11. Nd5 Nxd5 12. exd5 Bf5 13. Bd3 Bxd3 14. Qxd3 g6 15. h4 Bg7 16. h5 0-0 17. 0-0-0 a5 18. Qe2 Qc7 19. Nd2 Rfc8 20. Ne4 a4 21. Kb1 Ra5 22. Rd2 Rb8 23. Qh2 Rbb5 24. hxg6 hxg6 25. Qh4 Kf8 26. Nf6 Qd8 27. Ne4 Ke7 28. f4 Rxd5 29. Rxd5 Rxd5 30. f5 gxf5 31. g6+ Nf6 32. Nxf6 Bxf6 33. Qh7 Qf8 34. Bh6 Qe8 35. g7 Bxg7 36. Bxg7 e4 37. Qh4+ Kd7 38. Bh6 a3 39. Bg7 Qe6 40. Qe1 Rb5 41. Qe3 Ra5 42. Qb6 Qd5 43. Bf6 axb2 44. Qd8+ Kc6 45. Qc8+ Kb5 46. Qd7+ Ka6 47. Bxb2 Rc5 48. Qa4+ Ra5 49. Qxb4 e3 50. Re1 e2 51. Kc1 Rb5 52. Qd4 Qe6 53. a4 Qh6+ 54. Kb1 Rb6 55. Rxe2 f4 56. Qc4+ Ka5 57. Ka2 1-0

[Event "PNWCC Online blitz JP 8th"]
[Site "Chess.com INT"]
[Date "2020.05.02"]
[Round "10"]
[White "Chen, Derek"]
[Black "Vidyarthi, Vyom"]
[Result "1/2-1/2"]
[WhiteElo "1854"]
[BlackElo "2090"]
[PlyCount "115"]
[EventDate "2020.05.02"]
[EventType "swiss (blitz)"]
[EventRounds "11"]
[EventCountry "USA"]
[SourceTitle "CBM 195 Extra"]
[Source "ChessBase"]
[SourceDate "2020.05.31"]
[SourceVersion "1"]
[SourceVersionDate "2020.05.31"]
[SourceQuality "1"]

1. e4 e5 2. Nf3 Nc6 3. Bb5 a6 4. Ba4 Nf6 5. 0-0 Be7 6. Qe2 d6 7. c3 Bg4 8. h3 Bh5 9. Rd1 0-0 10. d3 Nd7 11. Nbd2 Nc5 12. Bc2 Ne6 13. Nf1 Ng5 14. Bxg5 Bxg5 15. Ng3 Bxf3 16. Qxf3 Qf6 17. Qg4 g6 18. Ne2 h5 19. Qg3 Bh4 20. Qe3 Bg5 21. Qg3 Rad8 22. Rf1 Bh6 23. f4 exf4 24. Nxf4 Qg5 25. Qf2 d5 26. Nxd5 Kg7 27. Nxc7 Ne7 28. Rae1 Qe5 29. Nd5 Nxd5 30. exd5 Qxd5 31. a3 Rde8 32. d4 Bg5 33. Bd3 b5 34. Qg3 Bd8 35. Rxe8 Rxe8 36. Rf5 Qe6 37. Re5 Qd7 38. Rxh5 Bc7 39. Qg5 Qd6 40. Qh6+ Kf6 41. Rf5+ Ke7 42. Qh4+ Kf8 43. Qh8+ Ke7 44. Re5+ Qxe5 45. Qxe8+ Kxe8 46. dxe5 Bxe5 47. Kf2 Kd7 48. Kf3 Kd6 49. Ke4 f5+ 50. Kf3 Kc5 51. g4 fxg4+ 52. Kxg4 a5 53. Bxg6 b4 54. cxb4+ axb4 55. axb4+ Kxb4 56. Kf5 Bxb2 57. h4 Kc5 58. h5 1/2-1/2

[Event "PNWCC Online blitz JP 8th"]
[Site "Chess.com INT"]
[Date "2020.05.02"]
[Round "2"]
[White "Rajanish, Abhinav"]
[Black "Chen, Derek"]
[Result "0-1"]
[WhiteElo "1619"]
[BlackElo "1854"]
[PlyCount "35"]
[EventDate "2020.05.02"]
[EventType "swiss (blitz)"]
[EventRounds "11"]
[EventCountry "USA"]
[SourceTitle "CBM 195 Extra"]
[Source "ChessBase"]
[SourceDate "2020.05.31"]
[SourceVersion "1"]
[SourceVersionDate "2020.05.31"]
[SourceQuality "1"]

1. e4 c5 2. Nf3 d6 3. d4 cxd4 4. Nxd4 Nf6 5. Nc3 a6 6. Be3 e5 7. Nb3 Be6 8. f3 Be7 9. Qd2 Nbd7 10. 0-0-0 a5 11. g4 a4 12. Na1 a3 13. b3 0-0 14. g5 Nh5 15. f4 exf4 16. Bxf4 Nxf4 17. Qxf4 Bxg5 18. Ne2 0-1

[Event "PNWCC Online blitz JP 8th"]
[Site "Chess.com INT"]
[Date "2020.05.02"]
[Round "9"]
[White "Skliarov, Viktor"]
[Black "Chen, Derek"]
[Result "1-0"]
[WhiteElo "2376"]
[BlackElo "1854"]
[PlyCount "141"]
[EventDate "2020.05.02"]
[EventType "swiss (blitz)"]
[EventRounds "11"]
[EventCountry "USA"]
[SourceTitle "CBM 195 Extra"]
[Source "ChessBase"]
[SourceDate "2020.05.31"]
[SourceVersion "1"]
[SourceVersionDate "2020.05.31"]
[SourceQuality "1"]

1. e4 c5 2. Nf3 d6 3. d4 cxd4 4. Qxd4 Nc6 5. Bb5 Bd7 6. Bxc6 Bxc6 7. Nc3 h6 8. Be3 e6 9. 0-0-0 Qc7 10. Kb1 Nf6 11. h3 Be7 12. g4 a6 13. g5 hxg5 14. Nxg5 b5 15. f4 0-0 16. Rhg1 b4 17. Qxb4 Rab8 18. Qd4 Qb7 19. b3 a5 20. Qa7 Qxa7 21. Bxa7 Rb7 22. Bd4 a4 23. e5 dxe5 24. Bxe5 Rc8 25. Kb2 Ra8 26. Bd6 Bd8 27. Rg3 Ba5 28. Be5 Nh5 29. Rgd3 f6 30. Nxe6 fxe5 31. fxe5 axb3 32. axb3 Bb4 33. Rd8+ Rxd8 34. Nxd8 Bxc3+ 35. Kxc3 Rc7 36. Nxc6 Rxc6+ 37. Kb2 Kf7 38. c4 Ke6 39. Rg1 Rc7 40. Kc3 Nf4 41. Rg4 Kxe5 42. b4 Ne2+ 43. Kb3 Nd4+ 44. Kc3 Nb5+ 45. Kb3 Nd6 46. c5 Ne4 47. Kc4 Nd2+ 48. Kc3 Nf3 49. Rg6 Kf5 50. Rg3 Ng5 51. Kc4 Ne4 52. Rf3+ Ke5 53. Rf8 Nd2+ 54. Kc3 Ne4+ 55. Kc4 Nf6 56. Rd8 Ke6 57. b5 Ke7 58. Rd1 Nd7 59. c6 Ne5+ 60. Kc5 Rc8 61. Re1 Ke6 62. Rg1 g6 63. Rg3 Kf5 64. Rg1 Kf4 65. Kd6 Kf5 66. Rf1+ Ke4 67. Re1+ Kd4 68. Rxe5 Rd8+ 69. Kc7 Kxe5 70. Kxd8 Kd5 71. c7 1-0